000 00385nam a2200121 4500
999 _c13751
_d13751
008 190403b ||||| |||| 00| 0 eng d
100 _938222
_aSta. Maria, mel
245 _aThe Philippine national ID system must be 'slain upon sight'/
_cMel Sta. Maria
260 _aPhilippines:
_bManila Bulletin;
_cc2018.
300 _apage 14.
650 0 _938223
_aIdentification.
942 _2ddc
_cPER